| 000 | 00505nam a22001937a 4500 | ||
|---|---|---|---|
| 003 | CEME | ||
| 005 | 20220606125714.0 | ||
| 008 | 210316b xxu||||| |||| 00| 0 eng d | ||
| 038 | _aasad | ||
| 040 | _c. | ||
| 082 | _a922 HUN | ||
| 100 |
_aTranslated by Maliha Syed. _992013 |
||
| 245 | _a100 Azeem Shakseyaat | ||
| 260 |
_aLAHORE: _bTAKLIKAT, _c1996 |
||
| 300 | _a527P | ||
| 563 | _ahb | ||
| 650 |
_aBiography-100 Most Influential Persons of All Times by Hart, Machial.H _992014 |
||
| 942 |
_cBK _2ddc |
||
| 999 |
_c580996 _d580996 |
||